[Event "ESP-chT CECLUB Div1"]
[Site "Sanxenxo"]
[Date "2022.09.22"]
[Round "6.1"]
[White "Ponomariov, Ruslan"]
[Black "Laiz Ibanez, Hector"]
[Result "1-0"]
[WhiteElo "2640"]
[BlackElo "2327"]
[PlyCount "51"]
[EventDate "2022.09.17"]
[EventType "team-tourn"]
[EventRounds "7"]
[EventCountry "ESP"]
[SourceTitle "CBM 210 Extra"]
[Source "ChessBase"]
[SourceDate "2022.11.30"]
[SourceVersion "1"]
[SourceVersionDate "2022.11.30"]
[SourceQuality "1"]
[WhiteTeam "Taldea Gros Xake"]
[BlackTeam "Sanxenxo Fontecarmoa"]
[WhiteTeamCountry "ESP"]
[BlackTeamCountry "ESP"]

1. e4 c5 2. Nf3 d6 3. d4 cxd4 4. Nxd4 Nf6 5. Nc3 a6 6. Be3 e5 7. Nb3 Be6 8. Qd2 Nbd7 9. 0-0-0 Be7 10. h3 b5 11. g4 0-0 12. Kb1 b4 13. Nd5 Bxd5 14. exd5 a5 15. Bb5 Nb6 16. Bc6 Nc4 17. Qd3 Nxe3 18. Qxe3 a4 19. Nd2 Ra5 20. Nc4 Rc5 21. Qd3 a3 22. b3 Ne8 23. c3 Qb8 24. Rhe1 bxc3 25. Nxa3 e4 26. Qxe4 1-0

[Event "ESP-chT CECLUB Div1"]
[Site "Sanxenxo"]
[Date "2022.09.20"]
[Round "4.2"]
[White "Laiz Ibanez, Hector"]
[Black "Fier, Alexandr"]
[Result "0-1"]
[WhiteElo "2327"]
[BlackElo "2583"]
[PlyCount "86"]
[EventDate "2022.09.17"]
[EventType "team-tourn"]
[EventRounds "7"]
[EventCountry "ESP"]
[SourceTitle "CBM 210 Extra"]
[Source "ChessBase"]
[SourceDate "2022.11.30"]
[SourceVersion "1"]
[SourceVersionDate "2022.11.30"]
[SourceQuality "1"]
[WhiteTeam "Sanxenxo Fontecarmoa"]
[BlackTeam "Myinvestor Casablanca"]
[WhiteTeamCountry "ESP"]
[BlackTeamCountry "ESP"]

1. e4 c5 2. Nf3 d6 3. Bb5+ Bd7 4. c4 Nf6 5. Nc3 a6 6. Bxd7+ Nbxd7 7. 0-0 e6 8. d3 Be7 9. Kh1 0-0 10. Ng1 Rb8 11. a4 Ne5 12. f4 Nc6 13. g4 Nb4 14. g5 Ne8 15. Nf3 f5 16. gxf6 Nxf6 17. Ng5 Qd7 18. Qf3 h6 19. Nh3 Rf7 20. Nf2 Rbf8 21. Rg1 Kh8 22. Qh3 Nh7 23. Ng4 Bf6 24. Nxf6 Nxf6 25. Bd2 d5 26. e5 Ng8 27. cxd5 Nxd5 28. Ne4 Nxf4 29. Bxf4 Rxf4 30. Nxc5 Qd5+ 31. Qg2 Re8 32. Qxd5 exd5 33. Rae1 Rb4 34. Rg6 Rc8 35. Nd7 Rxb2 36. Rf1 Ne7 37. Re6 Nf5 38. Rg6 Ne3 39. Re1 d4 40. e6 Re8 41. Reg1 Re7 42. Rxh6+ gxh6 43. Nf6 Rg2 0-1

[Event "ESP-chT CECLUB Div1"]
[Site "Linares"]
[Date "2021.09.13"]
[Round "6.3"]
[White "Laiz Ibanez, Hector"]
[Black "Rubio Mejia, Luis Ignacio"]
[Result "0-1"]
[WhiteElo "2318"]
[BlackElo "2402"]
[PlyCount "68"]
[EventDate "2021.09.08"]
[EventType "team-tourn"]
[EventRounds "7"]
[EventCountry "ESP"]
[SourceTitle "CBM 204 Extra"]
[Source "ChessBase"]
[SourceDate "2021.11.30"]
[SourceVersion "1"]
[SourceVersionDate "2021.11.30"]
[SourceQuality "1"]
[WhiteTeam "Sanxenxo Fontecarmoa"]
[BlackTeam "Virgen de Atocha"]
[WhiteTeamCountry "ESP"]
[BlackTeamCountry "ESP"]

1. e4 c5 2. Nc3 e6 3. Nge2 a6 4. g3 b5 5. Bg2 Bb7 6. d4 cxd4 7. Nxd4 Ne7 8. 0-0 Nec6 9. Nde2 Be7 10. b3 0-0 11. Bb2 d6 12. f4 Nd7 13. g4 b4 14. Na4 e5 15. Ng3 g6 16. f5 a5 17. Rf2 Bg5 18. Nf1 Nf6 19. c4 Nd4 20. Rb1 Nxe4 21. Bxd4 exd4 22. Re2 Nc3 23. Nxc3 dxc3 24. Bxb7 Qb6+ 25. c5 Qxb7 26. Qxd6 Rad8 27. Qe5 Rd5 28. Qe4 Qc6 29. Ne3 Qxc5 30. h4 Re5 31. Qxe5 Qxe5 32. hxg5 Qg3+ 33. Kf1 Qf3+ 34. Ke1 Re8 0-1

[Event "ESP-chT CECLUB Div1"]
[Site "Linares"]
[Date "2021.09.12"]
[Round "5.2"]
[White "Suarez Real, Alberto"]
[Black "Laiz Ibanez, Hector"]
[Result "1-0"]
[WhiteElo "2448"]
[BlackElo "2318"]
[PlyCount "113"]
[EventDate "2021.09.08"]
[EventType "team-tourn"]
[EventRounds "7"]
[EventCountry "ESP"]
[SourceTitle "CBM 204 Extra"]
[Source "ChessBase"]
[SourceDate "2021.11.30"]
[SourceVersion "1"]
[SourceVersionDate "2021.11.30"]
[SourceQuality "1"]
[WhiteTeam "Santa Lucia Grandama"]
[BlackTeam "Sanxenxo Fontecarmoa"]
[WhiteTeamCountry "ESP"]
[BlackTeamCountry "ESP"]

1. e4 e5 2. Nf3 Nc6 3. d4 exd4 4. Nxd4 Qf6 5. Nxc6 Bc5 6. Qf3 bxc6 7. Nc3 Qxf3 8. gxf3 Ne7 9. Be3 Bxe3 10. fxe3 d6 11. Rg1 0-0 12. 0-0-0 Be6 13. Ne2 a5 14. a3 a4 15. Nf4 Ra5 16. Rd2 Ng6 17. Rdg2 Kh8 18. Rg5 Rxg5 19. Rxg5 Ne5 20. Be2 Bc4 21. Nd3 f6 22. Rg3 Bf7 23. Nxe5 fxe5 24. f4 Re8 25. Bd3 Re7 26. Kd2 exf4 27. exf4 c5 28. Re3 Be8 29. e5 Bd7 30. exd6 Rxe3 31. Kxe3 cxd6 32. b4 cxb4 33. axb4 Kg8 34. Kd4 Kf8 35. Kc3 h6 36. b5 Ke7 37. Kb4 g5 38. fxg5 hxg5 39. Kxa4 Kd8 40. Ka5 Kc7 41. b6+ Kb8 42. Be4 Be6 43. Bc6 Bf5 44. c3 Bd3 45. Kb4 Be2 46. Kb3 Bd3 47. Kb2 Ba6 48. Kc2 Bb7 49. Bxb7 Kxb7 50. Kd3 Kxb6 51. Ke4 Kc5 52. Kf5 Kc4 53. Kxg5 Kxc3 54. h4 d5 55. h5 d4 56. h6 d3 57. h7 1-0

[Event "ESP-chT CECLUB Div1"]
[Site "Linares"]
[Date "2021.09.10"]
[Round "3.1"]
[White "Laiz Ibanez, Hector"]
[Black "Hernandez, Cristian Andres"]
[Result "1/2-1/2"]
[WhiteElo "2318"]
[BlackElo "2376"]
[PlyCount "92"]
[EventDate "2021.09.08"]
[EventType "team-tourn"]
[EventRounds "7"]
[EventCountry "ESP"]
[SourceTitle "CBM 204 Extra"]
[Source "ChessBase"]
[SourceDate "2021.11.30"]
[SourceVersion "1"]
[SourceVersionDate "2021.11.30"]
[SourceQuality "1"]
[WhiteTeam "Sanxenxo Fontecarmoa"]
[BlackTeam "Barbera"]
[WhiteTeamCountry "ESP"]
[BlackTeamCountry "ESP"]

1. e4 c5 2. Nf3 d6 3. d4 cxd4 4. Nxd4 Nf6 5. Nc3 a6 6. g3 e6 7. Bg2 Bd7 8. 0-0 Nc6 9. a4 Be7 10. Be3 0-0 11. h3 Nxd4 12. Bxd4 e5 13. Be3 h6 14. a5 Qc7 15. Qd2 Rac8 16. Rfc1 Be6 17. Nd5 Nxd5 18. exd5 Bd7 19. c4 f5 20. f4 e4 21. b4 Qb8 22. Bf1 Kh7 23. Be2 g6 24. c5 Qa8 25. Kh2 h5 26. Bd4 Rg8 27. g4 fxg4 28. hxg4 Rcf8 29. Ra3 Bf6 30. Bxf6 Rxf6 31. g5 Rf7 32. c6 bxc6 33. dxc6 Bxc6 34. Qxd6 Bb5 35. Bxh5 Bd3 36. Kg3 Qa7 37. Rxd3 exd3 38. Rh1 Qe3+ 39. Bf3+ Kg7 40. Rh6 Re8 41. Rxg6+ Kh7 42. Rh6+ Kg7 43. Rg6+ Kh7 44. Rh6+ Kg7 45. Qg6+ Kf8 46. Qd6+ Kg7 1/2-1/2

[Event "Sanxenxo Carlos op 12th"]
[Site "Sanxenxo"]
[Date "2021.06.30"]
[Round "5"]
[White "Laiz Ibanez, Hector"]
[Black "Larino Nieto, David"]
[Result "1-0"]
[WhiteElo "2311"]
[BlackElo "2455"]
[PlyCount "59"]
[EventDate "2021.06.26"]
[EventType "swiss"]
[EventRounds "9"]
[EventCountry "ESP"]
[SourceTitle "CBM 203 Extra"]
[Source "ChessBase"]
[SourceDate "2021.09.30"]
[SourceVersion "1"]
[SourceVersionDate "2021.09.30"]
[SourceQuality "1"]

1. e4 d6 2. d4 Nf6 3. Nc3 e5 4. Nge2 Be7 5. g3 Bg4 6. Bg2 exd4 7. Qxd4 Nc6 8. Qe3 Qd7 9. h3 Be6 10. Nf4 Bc4 11. b3 Nb4 12. Qd2 Ba6 13. Bb2 0-0 14. 0-0-0 Rae8 15. a3 Nc6 16. Ncd5 Nxd5 17. Nxd5 Bd8 18. h4 f5 19. Rhe1 Qf7 20. f4 Qg6 21. exf5 Qxg3 22. Be4 Qxh4 23. Rh1 Qxh1 24. Bxh1 Rxf5 25. Rg1 Kf8 26. Bxg7+ Kf7 27. Ne3 Rxf4 28. Bd5+ Ke7 29. Qh2 Nd4 30. Bxd4 1-0

[Event "ESP-chT CECLUB Div1"]
[Site "Linares"]
[Date "2020.10.09"]
[Round "7.3"]
[White "Laiz Ibanez, Hector"]
[Black "Quintin Navarro, Alberto"]
[Result "1/2-1/2"]
[WhiteElo "2318"]
[BlackElo "2383"]
[PlyCount "126"]
[EventDate "2020.10.03"]
[EventType "team-tourn"]
[EventRounds "7"]
[EventCountry "ESP"]
[SourceTitle "CBM 198 Extra"]
[Source "ChessBase"]
[SourceDate "2020.11.30"]
[SourceVersion "1"]
[SourceVersionDate "2020.11.30"]
[SourceQuality "1"]
[WhiteTeam "Sanxenxo Fontecarmoa"]
[BlackTeam "Stadium Casablanca"]
[WhiteTeamCountry "ESP"]
[BlackTeamCountry "ESP"]

1. e4 e5 2. Nf3 Nc6 3. Bb5 a6 4. Ba4 Nf6 5. 0-0 Be7 6. Re1 b5 7. Bb3 d6 8. h3 0-0 9. c3 Bb7 10. d4 Re8 11. Nbd2 Bf8 12. Bc2 h6 13. d5 Nb8 14. a4 c6 15. dxc6 Bxc6 16. axb5 axb5 17. Rxa8 Bxa8 18. Nf1 Nbd7 19. Ng3 g6 20. Qe2 Bc6 21. Rd1 Qb6 22. h4 Nc5 23. h5 Ne6 24. hxg6 fxg6 25. Nh2 h5 26. Bb3 Kg7 27. Bxe6 Rxe6 28. Nf3 Ng4 29. Nh2 Nxh2 30. Kxh2 Qd8 31. Qe3 Qh4+ 32. Kg1 Qg4 33. Re1 Kh7 34. Qg5 Qxg5 35. Bxg5 Bh6 36. Bxh6 Kxh6 37. f3 Re8 38. Rd1 Rd8 39. Nf1 Kg7 40. Ne3 Kf6 41. Kf2 Ke6 42. Ra1 Ra8 43. Rxa8 Bxa8 44. Ke2 g5 45. Kd3 Kf6 46. c4 Bc6 47. Nf5 bxc4+ 48. Kxc4 g4 49. fxg4 Bxe4 50. Nxd6 Bxg2 51. gxh5 Kg5 52. Nf7+ Kxh5 53. Nxe5 Kg5 54. Kc5 Kf6 55. Kd6 Bf1 56. b4 Be2 57. Nd7+ Kf7 58. Nb6 Ke8 59. Kc5 Kd8 60. Nc4 Kc7 61. b5 Bxc4 62. Kxc4 Kb6 63. Kb3 Kxb5 1/2-1/2

[Event "ESP-chT CECLUB Div1"]
[Site "Linares"]
[Date "2020.10.08"]
[Round "6.3"]
[White "Hernandez, Cristian Andres"]
[Black "Laiz Ibanez, Hector"]
[Result "1-0"]
[WhiteElo "2320"]
[BlackElo "2318"]
[PlyCount "49"]
[EventDate "2020.10.03"]
[EventType "team-tourn"]
[EventRounds "7"]
[EventCountry "ESP"]
[SourceTitle "CBM 198 Extra"]
[Source "ChessBase"]
[SourceDate "2020.11.30"]
[SourceVersion "1"]
[SourceVersionDate "2020.11.30"]
[SourceQuality "1"]
[WhiteTeam "Barbera"]
[BlackTeam "Sanxenxo Fontecarmoa"]
[WhiteTeamCountry "ESP"]
[BlackTeamCountry "ESP"]

1. e4 e6 2. d4 d5 3. Nc3 Nf6 4. Bg5 dxe4 5. Nxe4 Be7 6. Bxf6 Bxf6 7. Nf3 Nd7 8. Qd2 Be7 9. 0-0-0 0-0 10. Qc3 c6 11. Ne5 Nf6 12. Nxf6+ Bxf6 13. Bc4 Qd6 14. f4 a5 15. Kb1 Rd8 16. Be2 Bd7 17. g4 Be8 18. g5 Be7 19. h4 a4 20. h5 a3 21. h6 axb2 22. hxg7 Ra3 23. Qxb2 b5 24. c3 Rda8 25. Qc2 1-0

[Event "ESP-chT CECLUB Div1"]
[Site "Linares"]
[Date "2020.10.07"]
[Round "5.3"]
[White "Laiz Ibanez, Hector"]
[Black "Larino Nieto, David"]
[Result "1-0"]
[WhiteElo "2318"]
[BlackElo "2477"]
[PlyCount "183"]
[EventDate "2020.10.03"]
[EventType "team-tourn"]
[EventRounds "7"]
[EventCountry "ESP"]
[SourceTitle "CBM 198 Extra"]
[Source "ChessBase"]
[SourceDate "2020.11.30"]
[SourceVersion "1"]
[SourceVersionDate "2020.11.30"]
[SourceQuality "1"]
[WhiteTeam "Sanxenxo Fontecarmoa"]
[BlackTeam "Ourense Deportivo"]
[WhiteTeamCountry "ESP"]
[BlackTeamCountry "ESP"]

1. e4 e5 2. Nf3 Nc6 3. Bb5 Nf6 4. 0-0 d6 5. d4 Bd7 6. Nc3 exd4 7. Nxd4 Be7 8. Nxc6 bxc6 9. Bd3 0-0 10. h3 Re8 11. b3 c5 12. Bb2 Bc6 13. Nd5 Nxd5 14. exd5 Bd7 15. Qf3 Bf8 16. Rfe1 Qg5 17. a4 g6 18. Bb5 Bxb5 19. Qc3 f6 20. axb5 Re5 21. Qa5 Rxe1+ 22. Rxe1 Qxd5 23. Qxc7 Qf7 24. Qc6 Rd8 25. c4 Bg7 26. Rd1 Qe6 27. Qc7 Rd7 28. Qc8+ Kf7 29. Bc3 Qe8 30. Qc6 Bf8 31. Kh2 Rd8 32. Qf3 Qe6 33. g4 d5 34. cxd5 Qd6+ 35. Kg2 Be7 36. Rd3 Rd7 37. Bd2 Qb6 38. Bf4 Bd6 39. Bxd6 Qxd6 40. h4 Re7 41. Rd1 Kg7 42. Ra1 Qb8 43. Ra6 Rf7 44. Qd3 Qf4 45. Ra4 Qh6 46. d6 Rd7 47. Qd5 Qxh4 48. Qe6 Rf7 49. d7 f5 50. Qe5+ Kh6 51. Qe8 f4 52. d8Q Qxg4+ 53. Kf1 Rf5 54. Ra6 Qh3+ 55. Ke2 Qh5+ 56. Kd2 Rd5+ 57. Qxd5 Qxd5+ 58. Kc2 c4 59. Qe2 Qf5+ 60. Kb2 Qxb5 61. Qxc4 Qe5+ 62. Kc2 Kg5 63. Rxa7 h5 64. b4 Qe1 65. Qd4 Qe2+ 66. Kb3 Qf1 67. Ra1 Qg2 68. Kc4 Kg4 69. Qd1+ f3 70. Qd4+ Kh3 71. b5 Qg5 72. b6 Qe7 73. Rg1 Qe6+ 74. Kb4 Qe7+ 75. Kb5 Qe8+ 76. Kc5 Qc8+ 77. Kb4 Qf8+ 78. Kb3 Kh2 79. Rg3 Qf7+ 80. Kb2 Qe7 81. Rxg6 Qe2+ 82. Kb3 Qb5+ 83. Kc3 Qa5+ 84. Kd3 Qb5+ 85. Ke3 Qb3+ 86. Kf4 h4 87. Kg4 Kh1 88. Kxh4 Qb1 89. Qg4 Qf1 90. Qg1+ Qxg1 91. Rxg1+ Kxg1 92. Kg3 1-0

[Event "ESP-chT CECLUB Div1"]
[Site "Linares"]
[Date "2020.10.03"]
[Round "1.4"]
[White "Laiz Ibanez, Hector"]
[Black "Hernando Rodrigo, Jose Maria"]
[Result "1/2-1/2"]
[WhiteElo "2318"]
[BlackElo "2311"]
[PlyCount "70"]
[EventDate "2020.10.03"]
[EventType "team-tourn"]
[EventRounds "7"]
[EventCountry "ESP"]
[SourceTitle "CBM 198 Extra"]
[Source "ChessBase"]
[SourceDate "2020.11.30"]
[SourceVersion "1"]
[SourceVersionDate "2020.11.30"]
[SourceQuality "1"]
[WhiteTeam "Sanxenxo Fontecarmoa"]
[BlackTeam "Santa Lucia Grandama"]
[WhiteTeamCountry "ESP"]
[BlackTeamCountry "ESP"]

1. e4 c5 2. Nc3 e6 3. Nf3 d5 4. exd5 exd5 5. Bb5+ Nc6 6. d4 Nf6 7. 0-0 Be7 8. dxc5 0-0 9. Be3 Bg4 10. h3 d4 11. Bxc6 dxe3 12. Bxb7 exf2+ 13. Kh1 Bxc5 14. Qxd8 Raxd8 15. hxg4 Rb8 16. Ne4 Rxb7 17. Nxc5 Rxb2 18. Rxf2 Rb5 19. Nb3 Ne4 20. Kg1 Nxf2 21. Kxf2 Rb4 22. Nbd4 Rc8 23. Ke2 Ra4 24. Kd2 a6 25. a3 Kf8 26. g5 Rc5 27. Rh1 Rxa3 28. Rxh7 Rd5 29. Rh8+ Ke7 30. Ra8 Rxf3 31. Ra7+ Ke8 32. gxf3 Rxd4+ 33. Ke3 Rc4 34. Kd3 Rf4 35. Ke3 Rc4 1/2-1/2

[Event "ESP-ch rapid"]
[Site "Linares"]
[Date "2019.08.24"]
[Round "6"]
[White "Cruz Lledo, Pablo"]
[Black "Laiz Ibanez, Hector"]
[Result "1/2-1/2"]
[WhiteElo "2445"]
[BlackElo "2274"]
[PlyCount "102"]
[EventDate "2019.08.24"]
[EventType "swiss (rapid)"]
[EventRounds "9"]
[EventCountry "ESP"]
[SourceTitle "EXT 2020"]
[Source "ChessBase"]
[SourceDate "2019.10.17"]
[SourceVersion "1"]
[SourceVersionDate "2019.10.17"]
[SourceQuality "1"]

1. d4 Nf6 2. Nf3 e6 3. e3 d5 4. c4 a6 5. b3 b6 6. Be2 Bb7 7. 0-0 Nbd7 8. Nc3 Bd6 9. cxd5 exd5 10. Bb2 0-0 11. Rc1 Qe7 12. Nd2 c5 13. Re1 cxd4 14. exd4 Ne4 15. Nf1 Qh4 16. g3 Qh6 17. f3 Nxc3 18. Bxc3 f5 19. Bd3 f4 20. Qe2 Rf6 21. g4 Qg5 22. Qg2 h5 23. Bf5 Nf8 24. h3 Ng6 25. Bxg6 Qxg6 26. g5 Rff8 27. Re2 Rae8 28. Rce1 Rxe2 29. Rxe2 Qd3 30. Bb2 Bc8 31. h4 Bf5 32. Rd2 Qb5 33. Qe2 Re8 34. Qxb5 axb5 35. a3 Re1 36. Kg2 Kf7 37. b4 Rb1 38. Bc3 Rb3 39. Bb2 Bd3 40. Rf2 g6 41. Bc1 Rc3 42. Bb2 Rb3 43. Nh2 Ke6 44. Rd2 Kf5 45. Kf2 Bf8 46. Kg2 Bg7 47. Rf2 Bc4 48. Rd2 Bd3 49. Rf2 Ke6 50. Rd2 Kf5 51. Rf2 Bc4 1/2-1/2

[Event "ESP-chT CECLUB Div2"]
[Site "Linares"]
[Date "2019.08.20"]
[Round "3.4"]
[White "Laiz Ibanez, Hector"]
[Black "Jimenez Martinez, Jose Vicente"]
[Result "1/2-1/2"]
[WhiteElo "2274"]
[BlackElo "2264"]
[PlyCount "65"]
[EventDate "2019.08.19"]
[EventType "team-swiss"]
[EventRounds "7"]
[EventCountry "ESP"]
[SourceTitle "EXT 2020"]
[Source "ChessBase"]
[SourceDate "2019.10.17"]
[SourceVersion "1"]
[SourceVersionDate "2019.10.17"]
[SourceQuality "1"]
[WhiteTeam "Interrias Sanx Fontecarmoa"]
[BlackTeam "Albacete Excalibur"]
[WhiteTeamCountry "ESP"]
[BlackTeamCountry "ESP"]

1. Nf3 g6 2. g3 Bg7 3. d4 d6 4. Bg2 Nf6 5. b3 b5 6. Bb2 Bb7 7. Nbd2 0-0 8. c4 b4 9. Qc2 c5 10. d5 e5 11. dxe6 fxe6 12. 0-0 Qe7 13. Rad1 Nbd7 14. Nh4 Bxg2 15. Nxg2 d5 16. cxd5 exd5 17. Nf3 Rac8 18. Nf4 Qd6 19. Qd3 d4 20. Qc4+ Kh8 21. Qe6 Qxe6 22. Nxe6 Rfe8 23. Nxg7 Rxe2 24. Bxd4 cxd4 25. Nxd4 Rxa2 26. Nge6 Ne4 27. Ra1 Nc3 28. Rfc1 Nb6 29. Rxa2 Nxa2 30. Rxc8+ Nxc8 31. Nc6 Kg8 32. Kf1 Kf7 33. Ned4 1/2-1/2

[Event "ESP-chT CECLUB Div2"]
[Site "Linares"]
[Date "2019.08.19"]
[Round "1.6"]
[White "Barranco Mananet, Fernando"]
[Black "Laiz Ibanez, Hector"]
[Result "0-1"]
[WhiteElo "2045"]
[BlackElo "2274"]
[PlyCount "74"]
[EventDate "2019.08.19"]
[EventType "team-swiss"]
[EventRounds "7"]
[EventCountry "ESP"]
[SourceTitle "EXT 2020"]
[Source "ChessBase"]
[SourceDate "2019.10.17"]
[SourceVersion "1"]
[SourceVersionDate "2019.10.17"]
[SourceQuality "1"]
[WhiteTeam "Monzon"]
[BlackTeam "Interrias Sanx Fontecarmoa"]
[WhiteTeamCountry "ESP"]
[BlackTeamCountry "ESP"]

1. e4 e6 2. d4 d5 3. Bd3 c5 4. exd5 exd5 5. Nf3 c4 6. Be2 Bd6 7. b3 cxb3 8. axb3 Ne7 9. 0-0 0-0 10. Bb2 Nbc6 11. Na3 Ng6 12. Nb5 Bb8 13. c4 Nf4 14. cxd5 Nxe2+ 15. Qxe2 Qxd5 16. Qc4 Be6 17. Qxd5 Bxd5 18. Nd2 a6 19. Nc3 Rd8 20. Nxd5 Rxd5 21. Nc4 Ba7 22. Ne3 Rd7 23. d5 Ne7 24. Rfe1 Bxe3 25. Rxe3 Nxd5 26. Rd3 Rad8 27. Rad1 f6 28. g3 Nb6 29. Rxd7 Rxd7 30. Rxd7 Nxd7 31. b4 Kf7 32. Kf1 Ke6 33. Ke2 Kd5 34. Kd3 Ne5+ 35. Bxe5 fxe5 36. f3 b6 37. Kc3 a5 0-1

[Event "Pontevedra op 7th"]
[Site "Pontevedra"]
[Date "2019.08.09"]
[Round "2"]
[White "Laiz Ibanez, Hector"]
[Black "Rodriguez Vila, Andres"]
[Result "0-1"]
[WhiteElo "2274"]
[BlackElo "2484"]
[PlyCount "104"]
[EventDate "2019.08.08"]
[EventType "swiss"]
[EventRounds "9"]
[EventCountry "ESP"]
[SourceTitle "CBM 191 Extra"]
[Source "ChessBase"]
[SourceDate "2019.09.30"]
[SourceVersion "1"]
[SourceVersionDate "2019.09.30"]
[SourceQuality "1"]

1. e4 c5 2. Nc3 g6 3. h4 h5 4. Nf3 Bg7 5. Bc4 Nc6 6. a3 e6 7. b4 Nge7 8. bxc5 Qa5 9. Rb1 Qxc5 10. Nb5 0-0 11. d3 d5 12. Be3 d4 13. Nfxd4 Nxd4 14. c3 e5 15. cxd4 exd4 16. Bf4 Be5 17. Bh6 Bg4 18. Qb3 a6 19. Bxf8 Rxf8 20. 0-0 axb5 21. Qxb5 Qd6 22. Qxb7 Qf6 23. f4 Bd6 24. e5 Qxh4 25. exd6 Nf5 26. Qe4 Kh7 27. Rbe1 Qg3 28. d7 Nh4 29. Re2 Rd8 30. Bxf7 Bxe2 31. Qxe2 Rxd7 32. Bc4 Ra7 33. Rf2 Nf5 34. Qe6 Kh6 35. Qg8 h4 36. Rf3 Qe1+ 37. Kh2 Qe7 38. Qh8+ Qh7 39. Qxh7+ Kxh7 40. Be6 Ne3 41. f5 gxf5 42. Bxf5+ Kh6 43. Be4 Rxa3 44. Rf8 Ra1 45. Rh8+ Kg5 46. Rg8+ Kf6 47. Rf8+ Ke5 48. Re8+ Kd6 49. Rg8 Ke7 50. Rg7+ Kf6 51. Rd7 Ng4+ 52. Kh3 Ne5 0-1

[Event "Villa de Gijon op 5th"]
[Site "Gijon"]
[Date "2019.07.24"]
[Round "3"]
[White "Laiz Ibanez, Hector"]
[Black "Tejedor Fuente, Enrique"]
[Result "0-1"]
[WhiteElo "2268"]
[BlackElo "2442"]
[PlyCount "66"]
[EventDate "2019.07.22"]
[EventType "swiss"]
[EventRounds "9"]
[EventCountry "ESP"]
[SourceTitle "CBM 191 Extra"]
[Source "ChessBase"]
[SourceDate "2019.09.30"]
[SourceVersion "1"]
[SourceVersionDate "2019.09.30"]
[SourceQuality "1"]

1. Nf3 c5 2. g3 d5 3. Bg2 g6 4. 0-0 Bg7 5. d4 cxd4 6. Nxd4 Nf6 7. c4 0-0 8. cxd5 Nxd5 9. Nc3 Nxc3 10. bxc3 a6 11. Rb1 e5 12. Nb3 Qc7 13. Qd5 Nc6 14. Be3 Bf5 15. Rb2 Rfd8 16. Qc4 Be6 17. Qh4 Ne7 18. Nc5 Bd5 19. Bh3 Nf5 20. Bxf5 gxf5 21. c4 Bc6 22. Bh6 Bxh6 23. Qxh6 Qe7 24. Nd3 Rd6 25. Qh5 Qf6 26. c5 Rd4 27. Rb6 a5 28. f4 exf4 29. gxf4 Kh8 30. Kf2 Rxd3 31. exd3 Qd4+ 32. Ke2 Re8+ 33. Kd2 Qe3+ 0-1

[Event "Villa de Gijon op 5th"]
[Site "Gijon"]
[Date "2019.07.23"]
[Round "2"]
[White "Gascon del Nogal, Jose Rafael"]
[Black "Laiz Ibanez, Hector"]
[Result "0-1"]
[WhiteElo "2466"]
[BlackElo "2268"]
[PlyCount "64"]
[EventDate "2019.07.22"]
[EventType "swiss"]
[EventRounds "9"]
[EventCountry "ESP"]
[SourceTitle "CBM 191 Extra"]
[Source "ChessBase"]
[SourceDate "2019.09.30"]
[SourceVersion "1"]
[SourceVersionDate "2019.09.30"]
[SourceQuality "1"]

1. d4 Nf6 2. Nf3 e6 3. e3 d5 4. c4 a6 5. b3 b6 6. Bd3 Bb7 7. 0-0 Nbd7 8. Bb2 Bd6 9. Nc3 0-0 10. Rc1 Qe7 11. Na4 dxc4 12. bxc4 c5 13. Ne5 Rfd8 14. Qc2 h6 15. f4 Rac8 16. Qb3 Bxe5 17. dxe5 Ng4 18. Be2 Qh4 19. Bxg4 Qxg4 20. Qc2 b5 21. Nc3 Nb6 22. cxb5 Nc4 23. h3 Qg3 24. Qf2 Qg6 25. bxa6 Ba8 26. f5 exf5 27. Rc2 Rd3 28. Nd1 Rcd8 29. Bc1 Rxd1 30. Rxc4 Rxf1+ 31. Kxf1 Qxa6 32. Qe2 Be4 0-1

[Event "Sanxenxo Carlos op 11th"]
[Site "Sanxenxo"]
[Date "2019.06.28"]
[Round "7"]
[White "Dias, Ivo Rodrigues"]
[Black "Laiz Ibanez, Hector"]
[Result "1-0"]
[WhiteElo "2121"]
[BlackElo "2268"]
[PlyCount "93"]
[EventDate "2019.06.22"]
[EventType "swiss"]
[EventRounds "9"]
[EventCountry "ESP"]
[SourceTitle "CBM 191 Extra"]
[Source "ChessBase"]
[SourceDate "2019.09.30"]
[SourceVersion "1"]
[SourceVersionDate "2019.09.30"]
[SourceQuality "1"]

1. Nf3 d5 2. b3 Nf6 3. Bb2 e6 4. e3 Be7 5. c4 0-0 6. Nc3 b6 7. cxd5 exd5 8. Qc2 Re8 9. h4 a6 10. Be2 c5 11. d4 Nc6 12. dxc5 Nb4 13. Qb1 bxc5 14. 0-0 h6 15. Rd1 Be6 16. a3 Nc6 17. Qc2 Qc7 18. Rac1 c4 19. Na4 Rac8 20. b4 Ng4 21. Nc3 Red8 22. e4 Qa7 23. Bf1 d4 24. Nd5 c3 25. Ba1 Nce5 26. Nxe5 Nxe5 27. Rxd4 Bxh4 28. Bxc3 Ng4 29. g3 Bxg3 30. fxg3 Bxd5 31. exd5 Rxd5 32. Rcd1 Ne3 33. Qe4 Nxd1 34. Qxd5 Nxc3 35. Qd7 Rc7 36. Qd8+ Kh7 37. Bd3+ g6 38. Kh2 Nb5 39. Rf4 Qe3 40. Qf8 Qe7 41. Qxe7 Rxe7 42. Rf6 Ra7 43. a4 Nc3 44. a5 Nd5 45. Rxa6 Re7 46. b5 Re3 47. Bc4 1-0

[Event "Karlsruhe Grenke op"]
[Site "Karlsruhe"]
[Date "2019.04.19"]
[Round "2"]
[White "Laiz Ibanez, Hector"]
[Black "Pavlidis, Antonios"]
[Result "0-1"]
[WhiteElo "2251"]
[BlackElo "2537"]
[PlyCount "86"]
[EventDate "2019.04.18"]
[EventType "swiss"]
[EventRounds "9"]
[EventCountry "GER"]
[SourceTitle "CBM 189 Extra"]
[Source "ChessBase"]
[SourceDate "2019.06.03"]
[SourceVersion "1"]
[SourceVersionDate "2019.06.03"]
[SourceQuality "1"]

1. Nf3 Nf6 2. g3 g6 3. Bg2 Bg7 4. 0-0 0-0 5. d4 d6 6. Nc3 Nbd7 7. a4 c6 8. a5 Rb8 9. e4 e5 10. Re1 Qc7 11. h3 b6 12. axb6 axb6 13. b4 b5 14. Be3 Nb6 15. Qc1 Nc4 16. Bh6 Re8 17. Rd1 Qe7 18. Bg5 Qc7 19. d5 c5 20. bxc5 Qxc5 21. Ne1 Bd7 22. Nd3 Qb6 23. Rb1 Rec8 24. Rb4 Ne8 25. g4 Nc7 26. Ne2 Na6 27. Rb1 f6 28. Bh4 b4 29. Kh1 Na3 30. Rb2 Ba4 31. Ne1 b3 32. Rxb3 Bxb3 33. Qxa3 Bxc2 34. Rc1 Nb4 35. Nxc2 Rxc2 36. Rxc2 Nxc2 37. Qd3 Ne1 38. Qd1 Qb1 39. Qxb1 Rxb1 40. Kh2 Rb2 41. Nc3 Bh6 42. Bg3 Bf4 43. Bxf4 Rxf2 0-1

[Event "Erandio op 26th"]
[Site "Erandio"]
[Date "2017.12.21"]
[Round "6"]
[White "Laiz Ibanez, Hector"]
[Black "Mate Adan, Carlos"]
[Result "1/2-1/2"]
[WhiteElo "2253"]
[BlackElo "2257"]
[PlyCount "53"]
[EventDate "2017.12.16"]
[EventType "swiss"]
[EventRounds "8"]
[EventCountry "ESP"]
[SourceTitle "CBM 182 Extra"]
[Source "ChessBase"]
[SourceDate "2018.02.23"]
[SourceVersion "1"]
[SourceVersionDate "2018.02.23"]
[SourceQuality "1"]

1. e4 e6 2. d4 d5 3. Nc3 Nf6 4. e5 Nfd7 5. f4 c5 6. Nf3 Nc6 7. Be3 Be7 8. Qd2 0-0 9. h4 Qa5 10. Bd3 cxd4 11. Nxd4 Nxd4 12. Bxd4 Nc5 13. h5 Bd7 14. 0-0 Rac8 15. Qf2 h6 16. g4 Nxd3 17. cxd3 Bc5 18. Bxc5 Qxc5 19. d4 Qe7 20. Rac1 f5 21. exf6 Rxf6 22. Qe3 Qb4 23. Rf2 Rcf8 24. Qe5 Qc4 25. Qe3 Qb4 26. Qe5 Qc4 27. Qe3 1/2-1/2